| 000 | 00472nam a2200193Ia 4500 | ||
|---|---|---|---|
| 008 | 200601s9999 xx 000 0 und d | ||
| 020 | _a0-440-20848-3 | ||
| 050 | _aREF BL 303 | ||
| 050 | _b.E93 1970 c.2 | ||
| 100 | _aEvans, Bergen. | ||
| 245 | 0 | _aDictionary of mythology / | |
| 245 | 0 | _cBergen Evans | |
| 260 | _aNew York : | ||
| 260 | _bDell Publishing Co., Inc. | ||
| 260 | _c1991 | ||
| 300 | _a310 pages : | ||
| 300 | _c18 cm. | ||
| 500 | _aIncludes index. | ||
| 999 |
_c363279 _d363279 |
||